| 000 | 01501cam a2200349 a 4500 | ||
|---|---|---|---|
| 999 |
_c27242 _d27242 |
||
| 001 | 13419711 | ||
| 005 | 20170207164242.0 | ||
| 008 | 031201s2003 dcuaf b 000 0 eng d | ||
| 010 | _a 2004351300 | ||
| 020 | _a0970548540 (pbk.) | ||
| 035 | _a(OCoLC)ocm52467552 | ||
| 043 | _an-us--- | ||
| 050 | 0 | 0 | _aRA395 .A3G485 2003 |
| 100 | 1 | _aGingrich, Newt. | |
| 245 | 1 | 0 |
_aSaving lives & saving money : _btransforming health and healthcare / _cNewt Gingrich with Dana Pavey and Anne Woodbury. |
| 246 | 3 | _aSaving lives and saving money | |
| 246 | 3 | 0 | _aTransforming health and healthcare |
| 260 |
_aWashington, DC : _bThe Alexis de Tocqueville Institution, _cc2003. |
||
| 300 |
_aiii, 308 p., [14] p. of plates : _bill. ; _c23 cm. |
||
| 504 | _aIncludes bibliographical references (p. 298-299) and web site resources (p. 297-298). | ||
| 650 | 0 |
_aHealth care reform _zUnited States. |
|
| 650 | 0 |
_aMedical policy _zUnited States. |
|
| 650 | 0 |
_aMedical care _zUnited States. |
|
| 700 | 1 | _aPavey, Dana. | |
| 700 | 1 | _aWoodbury, Anne. | |
| 942 |
_2lcc _cBOOKS |
||